000 01098nam a2200241 i 4500
001 18285
003 DO-SdUEMH
005 20260106141734.0
007 ta
008 260106b1982 dr |||g |||| 10| 0 spa d
040 _aDO-SdUEMH
_bspa
_erda
041 _aspa
082 1 4 _mRD
_bE56p
245 1 0 _aImplicaciones de la nueva política económica /
_ceditor Frank Moya Pons ; expositores: Frederick Bergés, Mario Cabrera, José Israel Cuello
264 0 1 _aSanto Domingo, República Dominicana :
_bForum,
_c1982
300 _a111 paginas ;
_c22 cm.
336 _2rdacontent
_atexto
_btxt
337 _2rdamedia
_asin mediación
_bn
338 _2rdacarrier
_avolumen
_bnc
490 _aForum ;
_v6
505 _aPresentación -- Introducción / Rafael Herrera -- Implicaciones macroeconómicas de la nueva política económica / Frederich E. Bergés -- Debate -- Implicaciones que para el empresariado nacional tiene la nueva política económica / Mario Cabrera -- Debate -- Implicaciones económicas y sociales de la nueva política económica / José Israel Cuello -- Debate.
942 _2ddc
_n0
_cBK
999 _c18285
_d18285